UM Logo

Impact of a physical education teacher's age on elementary school students' perceptions of effectiveness and learning / (Record no. 21164)

MARC details
000 -LEADER
fixed length control field 01073nam a22002177a 4500
005 - DATE AND TIME OF LATEST TRANSACTION
control field 20260212082008.0
008 - FIXED-LENGTH DATA ELEMENTS--GENERAL INFORMATION
fixed length control field 240902b ||||| |||| 00| 0 eng d
082 ## - DEWEY DECIMAL CLASSIFICATION NUMBER
Classification number DPer 796.07 J826 July-October 2019 January-April 2020 v. 38, 39 n. 4, 1-2
100 ## - MAIN ENTRY--PERSONAL NAME
Personal name Pennington, Colin G.
Relator term author.
9 (RLIN) 59759
245 ## - TITLE STATEMENT
Title Impact of a physical education teacher's age on elementary school students' perceptions of effectiveness and learning /
Statement of responsibility, etc. Colin G. Pennington, Matthew D. Curtner-Smith, and Stefanie A. Wind.
260 ## - PUBLICATION, DISTRIBUTION, ETC. (IMPRINT)
Place of publication, distribution, etc. Champaign, Illinois ;
Name of publisher, distributor, etc. Human Kinetics, Inc. ,
Date of publication, distribution, etc. October 2019.
300 ## - PHYSICAL DESCRIPTION
Extent Volume 38, pages 279-285 :
Other physical details illustration ;
Dimensions 28 cm.
500 ## - GENERAL NOTE
General note Journal of Teaching in Physical Education, vol. 38, no. 4, pages 279-285, October 2019.
650 #0 - SUBJECT ADDED ENTRY--TOPICAL TERM
Topical term or geographic name as entry element Age differences.
9 (RLIN) 67055
650 #0 - SUBJECT ADDED ENTRY--TOPICAL TERM
Topical term or geographic name as entry element Instructional effectiveness.
9 (RLIN) 64936
650 #0 - SUBJECT ADDED ENTRY--TOPICAL TERM
Topical term or geographic name as entry element Teacher-student relationship.
9 (RLIN) 48652
700 ## - ADDED ENTRY--PERSONAL NAME
Personal name Pennington, Colin G.
Relator term author.
9 (RLIN) 59759
700 ## - ADDED ENTRY--PERSONAL NAME
Personal name Curtner-Smith, Matthew D.
Relator term author.
9 (RLIN) 59760
700 ## - ADDED ENTRY--PERSONAL NAME
Personal name Wind, Stefanie A.
Relator term author.
9 (RLIN) 59761
942 ## - ADDED ENTRY ELEMENTS (KOHA)
Source of classification or shelving scheme Dewey Decimal Classification
Koha item type Periodicals
Holdings
Withdrawn status Lost status Source of classification or shelving scheme Damaged status Not for loan Collection code Home library Current library Date acquired Total Checkouts Full call number Date last seen Price effective from Koha item type Public note
    Dewey Decimal Classification     Periodicals UM Digos College - LIC UM Digos College - LIC 09/02/2024   DPer 796.07 J826 July-October 2019 January-April 2020 v. 38, 39 n. 4, 1-2 09/02/2024 09/02/2024 Periodicals Periodical Article